Catálogo
 En Linea

The soledades, Góngora´s Masque of the imagination / (Registro nro. 39150)

Detalles MARC
000 -CABECERA
campo de control de longitud fija 00578nam a2200169 a 4500
001 - NÚMERO DE CONTROL
campo de control 000039660
005 - FECHA Y HORA DE LA ÚLTIMA TRANSACCIÓN
campo de control 20201002033650.0
008 - DATOS DE LONGITUD FIJA--INFORMACIÓN GENERAL
campo de control de longitud fija 130715s2002 xxu 000 0 spa d
020 ## - NÚMERO INTERNACIONAL ESTÁNDAR DEL LIBRO
Número Internacional Estándar del Libro 0826213634
040 ## - FUENTE DE LA CATALOGACIÓN
Centro catalogador/agencia de origen DO-SdBNP
Lengua de catalogación spa
Centro/agencia transcriptor BNPHU
100 1# - ENTRADA PRINCIPAL--NOMBRE DE PERSONA
Nombre de persona Collins, Marsha S.
9 (RLIN) 65850
245 10 - MENCIÓN DE TÍTULO
Título The soledades, Góngora´s Masque of the imagination /
Mención de responsabilidad, etc. Marsha S. Collins.
260 ## - PUBLICACIÓN, DISTRIBUCIÓN, ETC.
Lugar de publicación, distribución, etc. United States of America :
Nombre del editor, distribuidor, etc. University of Missouri,
Fecha de publicación, distribución, etc. 2002.
300 ## - DESCRIPCIÓN FÍSICA
Extensión 270 p. ;
Dimensiones 25 cm.
500 ## - NOTA GENERAL
Nota general Incluye datos biográficos de la autora en las solapas
504 ## - NOTA DE BIBLIOGRAFÍA, ETC.
Nota de bibliografía, etc. Bibliografía : p. 249-265
Existencias
Estado de retiro Estado de pérdida Restricciones de uso No para préstamo Código de colección Localización permanente Ubicación/localización actual Ubicación en estantería Fecha de adquisición Número de inventario Total de préstamos Signatura topográfica completa Código de barras Fecha visto por última vez Precio válido a partir de Tipo de ítem Koha
        Monografías: Libros y Folletos General General En catalogación 15.07.2013 LF1   39660-10 25.06.2020 25.06.2020 Préstamo en sala

Con tecnología Koha